000 00535nam a2200205Ia 4500
003 LK-CoDNM
005 20240826133823.0
008 010623t1882 xxu||||| |||| 00| 1 eng d
040 _aLK-CoDNM
_dLK-CoDNM
_eLK-CoDNM
041 _aeng
080 _a22
_bK3
100 _aFleet, J.F.
245 _aThe Dynasties of the Kanarese Districts of the Bombay Presidency
260 _bGovernment central press
_aBombay
_c1882
300 _b106p. : 24 cm
650 _aA.D.1318
650 _aHistory
650 _aMuhammadan
942 _cBK
999 _c82388
_d82388